Datum a čas kvízu
24.5
Celkem bodů
Celkový počet nahraných bodů na tomto kvízu bez doplňovacích otázek.
9.
Pořadí na kvízu
Konečné umístění týmu na tomto kvízu.
Zaznamenané odpovědi
| # | Otázka | Odpověď | Body | Výsledky |
|---|---|---|---|---|
| 1. | Krajský soud v Praze začal v ú... | 0 | ||
| 2. | Který ze členů britské královs... | 0 | ||
| 3. | Fotka, která v úterý večer zís... | 0 | ||
| 4. | Jak bylo minulý týden oznámeno... | 1 | ||
| 5. | Přiřaďte účastnice právě probí... | 0 | ||
| 6. | Zvíře jménem Benjamin v Orwell... | 0 | ||
| 7. | Kniha Volání divočiny se odehr... | 1 | ||
| 8. | Příběhy medvídka Pú pochází z... | 1 | ||
| 9. | O Knize džunglí jsme se v kvíz... | 0 | ||
| 10. | Lev, čarodějnice a skříň není... | 0 |